Pasture and young horse nutrition : a report for the Rural Industries Research and Development Corporation /

Bibliographic Details
Main Author: Avery, Angela
Corporate Author: Rural Industries Research and Development Corporation
Other Authors: Nash, David (David G.), Dempsey, Wayne
Format: Book
Language:English
Published: Barton, ACT : Rural Industries Research & Development Corporation, 2000.
Series:RIRDC publication ; no. 00/55.
Subjects:

MARC

Tag First Indicator Second Indicator Subfields
LEADER 00000cam a2200000Ia 4500
001 in00004498113
005 20191203131046.0
008 010928s2000 at a b 000 0 eng d
020 |a 0642580855 
035 |a (OCoLC)ocm48047111 
035 |z (UtOrBLW)35484 
035 |a 51926 
040 |a MMU  |c MMU  |d UtOrBLW 
049 |a TMVM  |c 1 
100 1 |a Avery, Angela. 
245 1 0 |a Pasture and young horse nutrition :  |b a report for the Rural Industries Research and Development Corporation /  |c by Angela Avery, David Nash and Wayne Dempsey. 
246 3 4 |a Shaping the future 
264 1 |a Barton, ACT :  |b Rural Industries Research & Development Corporation,  |c 2000. 
300 |a vii, 52 pages :  |b illustrations ;  |c 30 cm. 
336 |a text  |2 rdacontent  |b txt 
337 |a unmediated  |2 rdamedia 
338 |a volume  |2 rdacarrier  |b nc 
490 1 |a RIRDC publication ;  |v no. 00/55 
500 |a At head of title: RIRDC, Rural Industries Research & Development Corporation. 
500 |a "May 2000." --Title page. 
500 |a "RIRDC Project Number DAV-118A." --Title page. 
504 |a Includes bibliographical references (pages 49-52). 
505 0 |a Setting the scene -- Objectives -- Methodology -- Results -- Discussion -- Implications and recommendations 
650 2 |a Horses. 
650 2 |a Animal Nutritional Physiological Phenomena. 
700 1 |a Nash, David  |q (David G.) 
700 1 |a Dempsey, Wayne. 
710 2 |a Rural Industries Research and Development Corporation. 
830 0 |a RIRDC publication ;  |v no. 00/55. 
948 |a 7946 
999 |a MARS 
999 f f |s a148cc76-919a-3fab-8f7b-6b956f0b3050  |i 7a9fcd19-6f35-3303-9a13-d86548553deb  |t 0 
952 f f |p preservation  |a Texas A&M University  |b J.J. Pickle Campus  |c High Density Repository  |d Remote Storage  |t 0  |e SF 285.5 A954p 2000  |h National Library of Medicine classification  |i unmediated -- volume  |m 3238901793237 
998 f f |a SF 285.5 A954p 2000  |t 0  |l Remote Storage